| 000 | 00428nam a2200157Ia 4500 | ||
|---|---|---|---|
| 008 | 210716s2012 xx 000 0 und d | ||
| 020 | _a9780749466138 | ||
| 041 | _aeng | ||
| 082 | _a651.73014 TALF | ||
| 100 | _aTalbot, Fiona; Bhattacharjee, Sudakshina. | ||
| 245 | _aImprove your global business english. | ||
| 250 | _a1 | ||
| 260 |
_aNew Delhi _bKogan Page _c2012 |
||
| 300 | _axii,238 | ||
| 650 | _aBusiness Communication | ||
| 999 |
_c208341 _d208341 |
||